|
|
|
|
| LEADER |
01808nam a2200361 a 4500 |
| 001 |
44606 |
| 003 |
BD-DhAAL |
| 005 |
20250813121031.0 |
| 008 |
250813t1996 enk 000 0 eng d |
| 010 |
|
|
|a 86046175
|
| 020 |
|
|
|a 9780140157550
|
| 020 |
|
|
|a 0140157557
|
| 020 |
|
|
|a 0394754034
|
| 020 |
|
|
|a 9780394754031
|
| 035 |
|
|
|a 990731
|
| 040 |
|
|
|a DLC
|c DLC
|d DLC
|d BD-DhAAL
|
| 041 |
1 |
|
|a eng
|h spa
|
| 050 |
1 |
0 |
|a G530.V442
|b G3713 1987
|
| 082 |
0 |
0 |
|a 910.091636
|
| 100 |
1 |
|
|a García Márquez, Gabriel,
|d 1927-2014.
|
| 240 |
1 |
0 |
|a Relato de un náufrago.
|f English
|
| 245 |
1 |
4 |
|a The story of a shipwrecked sailor :
|b who drifted on a life raft for ten days without food or water, was proclaimed a national hero, kissed by beauty queens, made rich through publicity, and then spurned by the government and forgotten for all time /
|c Gabriel García Márquez ; translated from the Spanish by Randolph Hogan.
|
| 246 |
|
|
|a The story of a shipwrecked sailor
|
| 260 |
|
|
|a London :
|b Penguin Books,
|c 1996.
|
| 300 |
|
|
|a ix, 106 p. ;
|c 21 cm
|
| 500 |
|
|
|a Originally published in Spanish under the title Relatos de un náufrago by Tusquets Editores, Barcelona 1970.
|
| 541 |
|
|
|a Donated by Farhana Zahir, Assistant Professor, BRAC Business School, BRAC University
|e 44606
|
| 600 |
1 |
0 |
|a Velasco, Luis Alejandro.
|9 59047
|
| 650 |
|
0 |
|a Shipwreck survival.
|
| 852 |
|
|
|a Ayesha Abed Library
|c General Stacks
|
| 942 |
|
|
|2 ddc
|c BK
|
| 999 |
|
|
|c 47374
|d 47374
|
| 952 |
|
|
|0 0
|1 0
|2 ddc
|4 0
|6 910_091636000000000_GAR
|7 0
|9 78010
|a BRACUL
|b BRACUL
|c NEW
|d 2025-08-13
|e Donated by Farhana Zahir, Assistant Professor, BRAC Business School, BRAC University
|g 395.00
|l 2
|m 11
|o 910.091636 GAR
|p 3010044606
|r 2026-01-21
|s 2025-10-12
|t 1
|v 790.00
|w 2025-08-13
|y BK
|x Donated by Farhana Zahir, Assistant Professor, BRAC Business School, BRAC University
|